000 00419nam a2200181Ia 4500
008 180207s9999 xx 000 0 und d
020 _a9780764131585
050 _bM849 2005
100 _aMorgan, Richard
245 _aWell done! /
245 _cby Richard Morgan.
260 _aNew York :
260 _bBarron,
260 _c2005
300 _aunpaged :
300 _bcolor illustration ;
300 _c20cm.
999 _c355548
_d355548